Statistics for Nationalities of Ballon d'Or Winners

Click here to take the quiz!

General Stats

  • This quiz has been taken 194 times
  • The average score is 34 of 43

Answer Stats

PlayerAnswer% Correct
Cristiano RonaldoPortugal
100%
Lionel MessiArgentina
99%
RonaldoBrazil
98%
Franz BeckenbauerGermany
97%
Johan CruyffNetherlands
97%
Marco van BastenNetherlands
96%
Michel PlatiniFrance
94%
Alfredo Di StéfanoSpain/Argentina
94%
Bobby CharltonEngland
92%
Zinedine ZidaneFrance
92%
Gerd MüllerGermany
91%
Karl-Heinz RummeniggeGermany
91%
EusébioPortugal
91%
Ruud GullitNetherlands
90%
RonaldinhoBrazil
89%
Lothar MatthäusGermany
89%
Roberto BaggioItaly
89%
Andriy ShevchenkoUkraine
89%
Kevin KeeganEngland
87%
KakaBrazil
83%
RivaldoBrazil
83%
Lev YashinSoviet Union
83%
Micheal OwenEngland
82%
Fabio CannavaroItaly
82%
Luis FigoPortugal
82%
Luis SuárezSpain
82%
Paolo RossiItaly
81%
George BestNorthern Ireland
80%
Stanley MatthewsEngland
79%
Gianni RiveraItaly
79%
Hristo StoichkovBulgaria
77%
Jean-Pierre PapinFrance
77%
Matthias SammerGermany
74%
Pavel NedvědCzechia
71%
George WeahLiberia
70%
Raymond KopaFrance
60%
Allan SimonsenDenmark
59%
Denis LawScotland
59%
Omar SivoriItaly
51%
Oleg BlokhinSoviet Union
49%
Igor BelanovSoviet Union
48%
Josef MasopustCzechia
38%
Flórián AlbertHungary
34%

Score Distribution

Percentile by Number Answered

Percent of People with Each Score

Your Score History

You have not taken this quiz